A raposa terrível e a pata Capitolina (Registo nº 4648)

Detalhes MARC
000 -Etiqueta do registo
Cabeçalho 00747nam0a2200241 4500
005 - Identificador da versão
Campo de controlo 20240813122108.0
100 ## - Dados gerais de processamento
Dados gerais de processamento 20181120d1981 a y0pory5003 ba
102 ## - Pais de publicação ou produção
País de publicação Portugal
101 0# - Língua de publicação
Língua do texto, banda sonora, etc. Português
215 ## - Descrição física 
Indicação específica da natureza do documento e extensão da espécie 57, [6] p.
Outras indicações físicas il
200 1# - Titulo e menção de responsabilidade
Título próprio A raposa terrível e a pata Capitolina
Primeira menção de responsabilidade Patrícia Joyce
Outras menções de responsabilidade il. Júlio Gil
205 ## - Menção da edição
Menção da edição 2ª ed
210 ## - Publicação, Distribuição, etc. 
Lugar da edição, distribuição, etc. Lisboa
Nome do editor, distribuidor, etc. P. Joyce
Data da publicação, distribuição, etc. 1981
314 ## - Notas relativas a responsabilidade intelectual 
Texto da nota Patrícia Joyce é pseudónimo de Dagmar Joyce Damas Mora
606 ## - Nome comum usado como assunto
Número de registo de entrada de autoridade 0001335
Palavra de ordem Literatura portuguesa
Subdivisão de assunto Conto
Código do sistema CA
675 ## - Classificação Decimal Universal (CDU)
Notação 821.134.3-34
Edição 3ª ed.
Língua da edição por
702 #1 - Nome de autor-pessoa física (responsabilidade secundária)
Número de registo de entrada de autoridade 0002034
Palavra de ordem Gil
Outra parte do nome não tomada para palavra de ordem Júlio
Datas 1924-2004
Código de função Ilustrador / Técnico de desenho computorizado
700 #1 - Nome de autor-pessoa física (responsabilidade principal)
Número de registo de entrada de autoridade 0002035
Palavra de ordem Joyce
Outra parte do nome não tomada para palavra de ordem Patrícia
Elementos de identificação ou distinção pseud.
Datas 1913-1985
966 ## - Identificação da Biblioteca
Sigla EBVEN
942 ## - Elementos de entrada adicionados (Koha)
Tipo de item no Koha Livro
Exemplares
Situação do levantamento Origin of item (home branch) (coded) Biblioteca de empréstimo Código de barras Cota Data de devolução Circulation type (not for loan) Tipo de documento Nota do exemplar Damaged status
  Biblioteca Escolar das Vendas Biblioteca Escolar das Vendas BEV308 8POR JOY     Livro Sem mensagem  
  Biblioteca Escolar das Vendas Biblioteca Escolar das Vendas BEV309 8POR JOY     Livro Sem mensagem